The Gupta Vidya :the pilgrimage of humanity

Saved in:
Bibliografiske detaljer
Hovedforfatter: IYER, Raghavan N.
Format: Bog
Sprog:engelsk
Udgivet: Theosophy Trust Books 2020
Tags: Tilføj Tag
Ingen Tags, Vær først til at tagge denne postø!

MARC

LEADER 00000nam a22000007a 4500
008 240828b |||||||| |||| 00| 0 eng d
020 |a 9781733465021 
100 |a IYER, Raghavan N. 
245 |a The Gupta Vidya  |b :the pilgrimage of humanity  |c /Raghavan N. Iyer  |g xvii,826p 
260 |b Theosophy Trust Books  |c 2020  |h Norfolk, U.S.A.  |i 701406  |l BP565.Iy9  |m Spiritual life  |m Reincarnation  |m Pilgrims and pilgrimages  |m Enlightenment -Religious aspects  |m Human evolution -Religious apetcts 
500 |a it includes references 
942 |a lcc  |c BK  |e Johnson  |f 28/08/24 
952 |0 0  |1 0  |2 lcc  |4 0  |6 BP0565 I Y9  |7 0  |9 5548  |a HOL  |b HOL  |c AF  |d 2024-08-28  |l 0  |o BP565.Iy9  |p 2024-0787  |r 2024-08-28 00:00:00  |t BP565.Iy9  |w 2024-08-28  |y BK 
999 |c 2739  |d 2739